000 00452nam a22001577a 4500
003 OSt
082 _a631.587
_bARJ/RE
088 _aT 631
100 _aArjun Prakash K. V
245 _aRefinement and performace evaluation of media bed aquaponic system /
260 _aTavanur :
_bDepartment of Irrigation and Drainage Engineering,
_c2024.
300 _a379p.
650 _aAquaponic system
_96325
700 _aSuseela, P. (Guide)
_96326
942 _cTH
999 _c18143
_d18143